000 005720000a22001210004500
100 1 _aOsorio, Juan Esteban
245 1 0 _aTodos los honores : Bogotá, capital Mundial del Libro e Iberoamericana de la Cultura
300 _aVol.0, núm.14 (Noviembre, 2006), Página 30
500 _aPeriodista.
520 _aLa pregunta ronda en el aire desde que se conoció la noticia del nombramiento de Bogotá como Capital Mundial del Libro eIberoamericana de la Cultura. ¿Para qué sirven estos dos nombramientos?
773 0 _tArcadia / Andrés Felipe Solano, Editor
942 _cANA
999 _c61859
_d61859